LDR 01474nam a2200301 4500 001 000000367552 003 CaOOAMICUS 005 20260504124044.0 008 260504s2003 it 000 u ita r 020 $a88-7451-007-1 040 $aSeMil$bita 100 1 $aTremolada, Ilaria.$0(OLS)http://semarc/name/92686 245 10$aAll'ombra degli arabi :$ble relazioni italo-israeliane 1948-56 dalla fondazione dello stato ebraico alla crisi di Suez /$cIlaria Tremolada ; [prefazione di Sergio Romano]. 264 1$aMilano :$bM&B,$c2003. 300 $a246 p. ;$c21 cm 490 1 $aSaggi 650 4$aIsraele
- Politica estera - 1948-1956.$0(OLS)http://semarc/subject/60151 650 4$aItalia - Politica estera - 1948-1956.$0(OLS)http://semarc/subject/60153 650 4$aItalia - Relazioni internazionali [con] Israele.$0(OLS)http://semarc/subject/60152 700 1 $aRomano, Sergio,$d<1929- >.$0(OLS)http://semarc/name/5465 830 0$aSaggi.$0(OLS)http://semarc/title/341 850 $aSeMil 852 $aSeMil$W1$xVenegono$y1$m3N II 851$j271292$B258239$CSeMilBibl$Z2$F258239 $81 961 $aLocatelli Mauro - Omaggio. 996 $6020$a88-7451-007-1$9(OLS)http://semarc/number/305808 996 $6245$aAll'ombra degli arabi :$ble relazioni italo-israeliane 1948-56 dalla fondazione dello stato ebraico alla crisi di Suez$9(OLS)http://semarc/title/459526 996 $6264$aMilano :$bM&B$9(OLS)http://semarc/publisher/31965